Marcas de Tequila A-Z - Español - Estadísticas

Estadísticas generales
  • Esta prueba ha sido intentada 5 veces
    4 desde el último reinicio
  • La puntuación promedio es 5 de 28
Estadísticas de respuestas
Letra Marcas % Correcto
A (55 Aguasol / Arette / Astral / Avión / Addicion / Altos / Azul / Agavita / Aman / Aha / Arquitecto / Artenom /Adictivo / Annie Up / Alto / AgaveLuz / Amatiteña / Asombroso / Atanasion / Alma / Albur / Adan / Abreojos / Afamado / Aguamiel / Aguila / Alderete / Alacran / Alien / Alquimia / Amate / Ambhar / Amor / Amigo / Ana Maria / Anaya / Angel / Ancestra / Anger / Anoche / Anteel / Apocalypto / Aqara / Arenas / Antigua / Arrogante / Armero / Art Nouveau / Arta / Augie / Ayate / Azulillo / Aztec / Azunia / Alabanza
100%
C (68) Camarena / Casamigos / Cabal / Casa Dragones / Casa Noble / Cazadores / Cincoro / Cambio / Cruz / Calle 23 / Cantinero / Cimarron / Coracho / Cazadores / Corralejo / Camino Real / Cenote / Codigo / Caballo / Cabo / Casa / Cascahuin / Cazcabel / Califino / Coa de Jima / Corazon / Cultura / Campeon / Comisario / Catocho / Caballito / Cierto / Cazcanes / Cosmico / Corrido / Carrera / Confianza / Casino / Cactus / Cabrico / Calavera / Calirosa / Cancion / Caramba / Carlos Murphy / Carreta / Casta / Celaya / Cava / Celestial / Celosa / Ceramist / Ceramic / Centinela / Cielo / Cobalto / Clasico / Coca Pura / Compoveda / Corcel / Corzo / Cosa Sarvaje / Crotalo / Curado / Cutwater / Colores / Capaz / Carreta de Oro
50%
D (46) DeLeón / Don Julio / Dos Lunas / Don Fulano / Dead Man / Defrente / Dizzy Donkey / Dos o Diez /Dios / Don Cheyo / Dos Angeles / Don Anselmo / Dano's / Divertido / Don Abraham / Delantero / Dame / Dos Artes / Dulce Vida / Dahlia / Damiana / David Reyes / Decada / Deleite / Derechito / Demetrio / DesMadre / Dia de la Sirena / Dinastia / Dirty / Diosa / Divertido / Don Nacho / Don Loco / Don Pilar / Don Rafael / Don Neron / Don Ramon / Dona Carlota / Donkey / Dona Celia / Dos Armadillos / Dos Primos / Dos Manos / Dos Volcanes / Duke
50%
H (20) Hacienda San José de Miravalle / Herradura / Hornitos / Hacienda / Hijos / Humano / Haiken / Hecho / Herencia / Highlands / Hijos / Hijole / Hotel California / Honorable / Hoyo / Huani / Huerto / Hussong / Hyos / Honor
50%
J (13) Jose Cuervo / Jarana / Jaja / Jalisco / Jacque / JH / JLP / Juan de Leon / Juan Dobo / Juan More Time / Julio Cesar / Jugando / Joe's
50%
B (27) Butterfly Cannon / Buen Amigo / Batanga / Bandero / Black Sheep / Bandido / Bajarriba / Balam / Baluarte / Bandalon / Bar Keep / Barebone / Batch&Bottle / Barril / Bendecido / Berrueco / Besame / BeTini / Biatch / Black50 / Blue Iguana / Blowfish / Boo Ya / Bonita / Bracero / Bribon / Bottle Combos
25%
CH (10) Chinaco / Chef Martin / Chaya / Chamucos / Champ / Charbay / Chaquira / Chula / Chavo / Chic
25%
E (30) El Tesoro / Espolon / El Jimador / Excellia / El Tequileno / Espolon / El Razo / El Mayor / ElSueño / Enemigo / El Mexicano / Emerald / Entrenamos / Eres Tu / Envuelto / El Alteo / Espacial / Esperando / El Velo / Eight Reserve / E.Cuarenta / El 5to / El Afan / El Berrinche / El Bandido / El / Encantadora / Espiritu / Etereo / Exotico
25%
G (25) Gran Centenario / Gran Orendain / Gran Coramino / G4 / General / Galindo / Gas Monkey / Gaviota / Gecko / Gema / Get Hot / God / Gyori / Ghost / Gran Agave / Gran Coronel / Gran Collajero / Gran Cosecha / Gran Diamante / Gran Dovejo / Gran Maquis / Gran Malo / Gran Love / Grave Reposado / Gran Mayan
25%
M (53) Maestro Dobel / Milagro / Maestro / Mayaciel / Mi Campo / Mijenta / Mujer / M77 / Montagave / Madre / Misguided / Maradona / Mexa / Mundo / Mad Bull / Macho / Magave / Magia / Mala Vida / Malas Lenguas / Malinalli / Manana / Mango / Mandala / Maniball / Marcado / Manik / Maracame / Mi Casa /Marfanista / Mariachi / Mascota / Maximo / Matices / Mayakoba / Mayenda / Metl / Meloza / Mi Campo / Mi Familia / Mi Guerrera / Mi Tierra / Mico / Mijenta / Mis Aguacates / Mixed Up / Monte Fino / Montalvo / Mr Sancho / Montejima / Mucha Liga / Muerto / Muchote
25%
O ( 19) Olmeca / One With Life Organic / Ocho / Oro de Tigre / Orendain / Onda / Oceano / O'rte / Ocasion /Octavio / Old Betsy / Old Carbine / Ole Ole / Ollitas / Onilikan / One With Life / Oro / Ortigoza / Otaca
25%
P (48) Patron / Pasote / Padré / Partida / Porfidio / Prolijo / Patsch / Puro Potro / Plantador / Preferio / PM / Pasion / Punta / Pacheco / Padrecito / Paladar / Pancho / Pantalones / Paqui / Parrenita / Penacho /Peligroso / Penca / Penta / Pepe Vinoria / PerfectoMundo / Pez Gordo / Petals / Pintoresco / Piedra / Play Ball / Plantador / Pochteca / Pocket / Poloko / Posadas / Postumo / Preferio / Primo 1861 / Prospero / Puente / Pueblo Viejo / Pulque / Puerto Vallarta / Punta Santos / Puntagave / Purasangre / Pura Vida
25%
S (57) San José / Santera / Sauza / Señor Río / Siembra Azul / Sol de Mexico / Siete Léguas / San Cosme /Sierra / San Luis / Storywood / Satryna / Sin Pensar / Siempre / Siembra / Scénario / Santanera / Sangre / Southbound / Superbird / Suerte / San Matias / Sangre de Vida / Serpiente / Sunbird / Snow / Sabé / Sal de Chapulin / Salt / Sanctus / Santaleza / Santanera / Santo / Santos / Santoyo / Suave / Semental / Seis Hermanas / Señor / Severo / Sesión / Sino Irish / Sin Rival / Six Degree / Skinnygirl / Skelly / Socorro / Sol / Solento / Soledad / Soy Rico / Stallion / Strong Bolt / Strike Spirit / Suavecito / Sweet Poison / Supremo
25%
Number(20) 1519 / 1800 / 4 Copas / 818 / 38 / 1942 / 21 Seeds / 900 Grados / 3R / 1921 / 123 / 24K / 3 Amigos /30-30 / 5150 / 8 Mesas / 901 / 512 / 88 / II
0%
F (14) Fortaleza / Fubar / Familia Camarena / Fat Ass / Feria / Fina / Firebreak / Flashbank / Flecha /Freakshow / Free Spirit / Frida Kahlo / Fuenteseca / Further
0%
I (15) Idilica / Ignite / Iztic / Iconos / Imperio / Independencia / Indianos / Inclusivo / Insolente / Insolito / Ixa /Infinito / Inspiro / Institutional / Izo
0%
K (8) Kirkland Signature / Komos / Kah / Kostiv / Kapena / Karma / Kevin Hart / Kokoro
0%
L (58) Los Sundays / Lunazul / Lala / Lost Explorer / Lebaron / Laelia / Levanto / Lalo / Lagrimas / Loca /Leon / Lost Lore / Lana / La Maria / La Adelina / Lamborghini / La Bamba / La Certeza / La Cofradia / La Duena / La Santa / La Leyenda / La Noche / La Muerte / La Pinta / La Puerta Negra / La Roja / La Rienda / La Tarea / La Tilica / La Venenosa / Lapis / Laya / Leyenda / Libre Spirit / Lion / Licor / Lissie / Lo Siento / Lobos / Local / Loco / Loma / Lokita / Los 3 Portillos / Los Dos / Los Arango / Ley / Los Generales / Los Osuna / Los Sundays / Los Tres / Lote Maestro / Lovely / Lucha / Luxury / Lyre / Locuaz
0%
N ( 15) Nocheluna / Nuestra / Nakes / Nicho / Native / Nativo / Nocaut / Nolet / Nobleza / Nosotros / Nuda /Nueva Era / Nuestro Placer / NueveUno / Number Juan
0%
Q (4) Querido Viejo / Quinta de Gomez / Quintaliza / Quinta Penas
0%
R (40) Rooster Rojo / Rammstein / Raza Azteca / Revel / Reserva / Region de Mexico / RG / Rodeo / Rejon / Riqueza / Rancho de Oro / Rabbit and Grass / Rancho La Gloria / Rancho Tepua / Raygoza / RG / Ravella / Real del Valle / Razones / Real Hacienda / Realeza Mexicana / Rebozo / Red Eye / Roar / Regional / Rey de Copas / Revolucion / Rey Del Mundo / Rey Sol / Rey Supremo / Reyes / Riedel /Riazul / Rock 'n Roll / Route 66 / Romantico / Rvida / Rudo / Ryno / Rose
0%
T (66) Tequila 125 / Tres Agaves / Tres Generaciones / Tears of Llorona / Tapiatio / Tiscaz / Tecan / Tau / Teremana / Tears of Llorona / Tierralta / Tempo / Tierra / Tierra Noble / Tres Quatro / Trujillo / Talero /Taco Tuesday / Tanteo / Terralta / Trago / Tlahualil / T1 / Taddel 1937 / Talero / Tarantula / Te Amo / Tecnico / Tequiliers / Telson / Teky Lady`s / Tenoch / Tepoz / Tepozán / Town / Tres Mujeres / Texano / Trompeta / Tequilcello / Teremana / Terraneo / Tesoro / Tezcazul / Tezon / The Bad Stuff / Thunder Struck / Tinta Negra / Tiny's / Tikal / Tita / Tonala / Tommy / Toncha / Tonino / Torus / Torero / Tosco / Travesuras / Tres Aromas / Tres Barricas / Tres Comas / Tres Culturas / Tres Ochos / Turincio / Tuyo / TWF
0%
U (5) U4RIK / Uno Mas / Ultima / Urzua / Uno Por Favor
0%
V (16) Volcan de mi Tierra / Vivir / Vasanta / Venga / Viva Mexico / Vivamor / Valor / Volans / Vikera / Villa Lobos / Villa One / Villa Mexico / Villa XXXII / Volando / Voodoo / Vuelo
0%
W (2) Wild Common / Wonder
0%
X (2) Xoloitzcuintle / XQ
0%
Y (2) Y Liego Jalisco / Yeyo
0%
Z (4) Zarza / Zumbador / Zee / Zircon
0%
No se encontraron pruebas coincidentes
Distribución de puntuación
Porcentaje de gente con cada puntuación
Porcentaje por número respondido
Historial de tus puntuaciones
No has intentado esta prueba desde el último reinicio